|
|
|
|
| LEADER |
05445nam a22004333i 4500 |
| 001 |
EBC7016579 |
| 003 |
MiAaPQ |
| 005 |
20231204023226.0 |
| 006 |
m o d | |
| 007 |
cr cnu|||||||| |
| 008 |
231204s2022 xx o ||||0 eng d |
| 020 |
|
|
|a 9783031048845
|q (electronic bk.)
|
| 020 |
|
|
|z 9783031048838
|
| 035 |
|
|
|a (MiAaPQ)EBC7016579
|
| 035 |
|
|
|a (Au-PeEL)EBL7016579
|
| 035 |
|
|
|a (OCoLC)1334105312
|
| 040 |
|
|
|a MiAaPQ
|b eng
|e rda
|e pn
|c MiAaPQ
|d MiAaPQ
|
| 050 |
|
4 |
|a HD62.5
|
| 082 |
0 |
|
|a 658.421
|
| 100 |
1 |
|
|a Shepherd, Dean A.
|
| 245 |
1 |
0 |
|a Entrepreneurial Responses to Chronic Adversity :
|b The Bright, the Dark, and the in Between.
|
| 250 |
|
|
|a 1st ed.
|
| 264 |
|
1 |
|a Cham :
|b Springer International Publishing AG,
|c 2022.
|
| 264 |
|
4 |
|c ©2022.
|
| 300 |
|
|
|a 1 online resource (220 pages)
|
| 336 |
|
|
|a text
|b txt
|2 rdacontent
|
| 337 |
|
|
|a computer
|b c
|2 rdamedia
|
| 338 |
|
|
|a online resource
|b cr
|2 rdacarrier
|
| 505 |
0 |
|
|a Entrepreneurial Responses to Chronic Adversity -- Preface -- Contents -- List of Figures -- 1 Making Do with the Resources at Hand to Improve One's Life and Others' Lives -- Introduction -- Inclusive Growth -- Creative Problem Solving Under Resource Scarcity -- Our Context-Jugaad in Rural India -- Stimulating Creativity: Experiencing Adversity -- From a Knowing Perspective -- To Problematize the Situation -- Jugaad: Creative Problem Solving -- Dual Impact of Jugaad -- Discussion -- Implications -- Conclusion -- References -- 2 Entrepreneurs Alleviating Poverty Through Educating Their Children -- Introduction -- Poverty as Context -- Entrepreneurship and Poverty Alleviation -- A Slum Entrepreneurship Approach to Alleviating Poverty -- The Purpose of Slum Entrepreneurship: Sacrificing the Self for One's Children -- Slum Conditions Creating Strong (Not Weak) Communities -- Slum Communities Facilitating Entrepreneurial Success -- Slums and Entrepreneurs' Health -- Slum Entrepreneurs and Their Children's Educational Attainment -- A Model of Slum Entrepreneurs' Poverty Alleviation -- Implications -- Conclusion -- References -- 3 Refugee Entrepreneurs Building and Displaying Resilience -- Introduction -- Theoretical Background -- Findings -- The Refugee Context of Substantial and Persistent (Objective) Adversity -- Refugees Acting Entrepreneurially to Overcome Constraints -- Acting Entrepreneurially Facilitates Refugees' Integration Efforts -- Refugee Entrepreneurs' Resilience Outcomes -- Reciprocal Relationships -- Entrepreneurial Action and Resilience to Substantial and Persistent Adversity -- Discussion -- Conclusion -- References -- 4 Women Entrepreneurs Flourishing or Languishing at the Bottom of the Pyramid -- Introduction -- Theoretical Background -- Women's Entrepreneurship at the Base of the Pyramid.
|
| 505 |
8 |
|
|a Entrepreneurship Training and the Development of Psychological Capital -- Psychological Capital and Well-Being -- Context -- Findings -- Shared Trajectories Before Venture Creation -- An Entrepreneurship Program and Flourishing -- An Entrepreneurship Program and Languishing -- Diverging Trajectories After Venture Creation: The Nature of Expectations -- Differences in Expectations: Work Experience and Family Support -- A Model of Women Entrepreneurs Flourishing or Languishing -- Discussion -- Conclusion -- References -- 5 Personal Adversity and Justifying Illegal and Costly Entrepreneurial Action -- Introduction -- Theoretical Background -- Destructive and Necessity Entrepreneurship -- Unethical Behavior and Moral Disengagement -- Context -- Findings -- Personal Adversity -- Outcomes of Entrepreneurial Action -- Justifying Entrepreneurial Action That Causes Harm to Others -- Discussion -- Implications for Practice -- Conclusion -- References -- 6 An Entrepreneurial Process for Exploiting Vulnerable People's Labor -- Introduction -- Theoretical Background -- Entrepreneurial Process of Human Exploitation -- Social Cognitive Theory and Loss of Agency -- Entrapment -- Context -- The Entrepreneurial Process of Human Trafficking in the Sex Industry -- Findings -- Deceptive Recruiting of the Vulnerable -- Entrapping Through Isolation -- Eliminating Alternatives by Building Barriers -- Converting the Exploited to Exploiters -- Discussion -- Conclusion -- References -- 7 Corruption as Corporate Entrepreneurship -- Introduction -- Background -- Context -- Findings -- Ventures Promoting Corruption Within a Government Organization -- Anti-corruption Efforts as New Sources of Opportunities for Bribery -- A Micro-level Demand-Side Model of Bribery -- Bribery Within Government Organizations -- Agents Brokering Bribery -- Discussion -- Conclusion -- References.
|
| 505 |
8 |
|
|a Index.
|
| 588 |
|
|
|a Description based on publisher supplied metadata and other sources.
|
| 590 |
|
|
|a Electronic reproduction. Ann Arbor, Michigan : ProQuest Ebook Central, 2023. Available via World Wide Web. Access may be limited to ProQuest Ebook Central affiliated libraries.
|
| 655 |
|
4 |
|a Electronic books.
|
| 700 |
1 |
|
|a Parida, Vinit.
|
| 700 |
1 |
|
|a Wincent, Joakim.
|
| 776 |
0 |
8 |
|i Print version:
|a Shepherd, Dean A.
|t Entrepreneurial Responses to Chronic Adversity
|d Cham : Springer International Publishing AG,c2022
|z 9783031048838
|
| 797 |
2 |
|
|a ProQuest (Firm)
|
| 856 |
4 |
0 |
|u https://ebookcentral.proquest.com/lib/matrademy/detail.action?docID=7016579
|z Click to View
|